00857nam a2200205Ia 4500003000900000008004100009040001600050080001700066111009200083245020000175260006800375300001300443490003300456650004100489650001100530650001900541650001800560700002300578710005000601IN-BaIIA211028s9999 xx 000 0 eng d cIIA Library a523.947bPOL aWorkshop on Coronal and Prominence PlasmascMarylandd1985 Apr. 9-11 and 1986 Apr. 8-10 0aCoronal and prominence plasmasbproceedings of a workshops held at Goddard space flight center, April 9-11, 1985, and April 8-10 1986cedited by A. I. Poland  aWashingtonbNational Aeronautics and Space Administrationc1986 avi,479p. aNASA Report No. NASA-CP-2442 aAstronomy and Astrophysics Thesaurus aCorona aPlasma Physics aSolar Physics aPoland, A. I., ed. aNational Aeronautics and Space Administration